<The> age of migration international population movements in the modern world

Enregistré dans:
Détails bibliographiques
Auteur principal: Castles, Stephen
Autres auteurs: Miller, Mark J.
Format: Livre
Langue:anglais
Publié: Basingstoke Palgrave Macmillan 2009
Édition:4th ed. rev. and upd.
Sujets:
Tags: Ajouter un tag
Pas de tags, Soyez le premier à ajouter un tag!

MARC

LEADER 00000nam a2200000 4500
001 0119254
005 20221207100957.3
020 |a 978-0-230-51785-1 
020 |a 0-230-51785-4 
041 0 |a eng 
044 |a GB 
245 1 0 |a <The> age of migration  |b international population movements in the modern world  |c Stephen Castles, Mark J. Miller 
250 |a 4th ed. rev. and upd. 
264 1 |a Basingstoke  |b Palgrave Macmillan  |c 2009 
300 |a 369 s. 
610 2 0 |a pohyb síl pracovných medzinárodný 
610 2 0 |a pohyb obyvateľstva 
610 2 0 |a história 
610 2 0 |a migrácia 
610 2 0 |a imigrácia 
610 2 0 |a vývoj hospodársky 
610 2 0 |a vývoj sociálny 
610 2 0 |a bezpečnosť 
610 2 0 |a globalizácia 
610 2 0 |a trh práce 
610 2 0 |a diskriminácia rasová 
610 2 0 |a spolupráca medzinárodná 
610 2 0 |a porovnanie medzinárodné 
100 1 |a Castles, Stephen 
700 1 |a Miller, Mark J.